Niektoré problémy posudzovania vzpernej pevnosti oceľových rámových konštrukcii

Bibliographic Details
Main Author: Chladný, Eugen, 1928-2020 (Author)
Format: Article
Language:Slovak
PhysicalDescription:Obr. 4. Tb. 2., lit. 4 zázn. v slov., češ., nem.
Subjects:

MARC

LEADER 00000nab a2200000 a 4500
001 vtls000246439
003 SK-MaSNL
005 20260304003040.0
008 111202c1985 xo 0 slo
015 |a SNBRA19rr/mm-uuuuu 
035 |a CL0256553 
040 |a SNKBUCL  |b slo  |c SNKBUCL  |e AACR2 
041 0 |a slo 
044 |a xo  |c SK 
080 |a 624.075.2:539.4  |2 1981 
080 |a 539.4  |2 1981 
080 |a 624.014.2  |2 1981 
080 |a 624.072.33  |2 1981 
080 |a 624.041.6  |2 1981 
100 1 |a Chladný, Eugen,  |d 1928-2020  |4 aut  |9 213486 
245 1 0 |a Niektoré problémy posudzovania vzpernej pevnosti oceľových rámových konštrukcii  |c Eugen Chladný 
300 |b Obr. 4. Tb. 2., lit. 4 zázn. v slov., češ., nem. 
650 0 7 |a konštrukcie rámové oceľové  |2 snkbucl  |9 1281128 
650 0 7 |a vzperná pevnosť  |2 snkbucl  |9 1281129 
655 7 |a články zo zborníkov  |2 snkbucl  |9 166140 
773 0 |t Zborník vedeckých prác Stavebnej fakulty Slovenskej vysokej školy technickej v Bratislave  |d Bratislava : Alfa, 1985  |g S. 349-357 
850 |a Slovenská národná knižnica v Martine  |a MTA001 
852 |a SNK  |b KIS3GCP 
958 |a RK 
992 |a RZB 
999 |c 2545187  |d 2547117